| 000 | 00951nam a2200349Ia 4500 | ||
|---|---|---|---|
| 005 | 20260514124419.0 | ||
| 008 | 008 261405s9999 xx 000 0 eng d | ||
| 037 | _aThesis | ||
| 040 | _aCRL | ||
| 040 | _beng | ||
| 040 | _cCRL | ||
| 041 | _2eng | ||
| 041 | _aeng | ||
| 084 | _qCRL | ||
| 100 |
_aDevamare Dr.Shilpa _91239915 |
||
| 245 | 0 | _aHospital Based Comparative Study of Cognitive Adaptive and Behaviour Profilers of Perinatally Acquired HIV Infection and HIV Affected Children Aged 2-9 Years. | |
| 260 | _aDelhi | ||
| 260 | _bUniversity of Delhi | ||
| 260 | _c2015 | ||
| 300 | _a95p. | ||
| 502 | _bPh.D. | ||
| 502 | _cUniversity of Delhi | ||
| 502 | _d2015 | ||
| 541 | _oThesis | ||
| 650 |
_aPediatrics _91239905 |
||
| 700 |
_aDr.Anju Seth _91239916 |
||
| 700 |
_aDr.Savita Sapra _91239917 |
||
| 700 |
_aDr.Sharmila B.Mukherjee, _91239541 |
||
| 710 | _aPediatrics | ||
| 942 | _cTH | ||
| 999 |
_c1851843 _d1851843 |
||